| 000 | 00555pam a2200217 a 4500 | ||
|---|---|---|---|
| 001 | 4733343 | ||
| 005 | 20180117034737.0 | ||
| 008 | 840906s1985 caua b 001 0 eng | ||
| 010 | _a 84020872 | ||
| 020 | _a0534044042 | ||
| 040 |
_aDLC _cDLC _dDLC |
||
| 041 | _aeng | ||
| 080 | _a302.3 MIL | ||
| 082 | 0 | 0 |
_a302.3 MIL _219 |
| 100 | 1 | _a19 | |
| 101 | _aPOL | ||
| 245 | 1 | 0 |
_aIntroduction to collective behavior / _cDavid L. Miller. |
| 504 | _aBibliography: p. [325]-334. | ||
| 906 |
_a7 _bcbc _corignew _d1 _eocip _f19 _gy-gencatlg |
||
| 942 |
_2ddc _cBK |
||
| 999 |
_c40400 _d40400 |
||